000 00372nam a22001457a 4500
008 210429b ||||| |||| 00| 0 eng d
020 _a9780077655082
041 _aeng
080 _210th
_a615.83
082 _a615.83
100 _a8
101 _aEGZ
245 _aFit & Well core Concepts and Labs in Physical Fitness and Wellness
_cThomas D. Fahey
942 _2udc
_cBK
999 _c56952
_d56952